| 000 | 00508nam a2200205Ia 4500 | ||
|---|---|---|---|
| 005 | 20260429112124.0 | ||
| 008 | 260429s9999||||xx |||||||||||||| ||und|| | ||
| 020 | _a9789392262944 | ||
| 041 | _aEnglish | ||
| 082 |
_a911.3 _bVIJ |
||
| 100 | _aVijay Kumar | ||
| 245 | 0 |
_aEconomic and social geography / _cVijay Kumar |
|
| 250 | _a1st ed. | ||
| 260 |
_aJaipur : _bBook Enclave, _c2024. |
||
| 300 | _aviii, 279 p.; hb | ||
| 650 | _a Geography | ||
| 650 | _a Social | ||
| 650 | _aEconomic | ||
| 942 | _cTB | ||
| 999 |
_c52459 _d52459 |
||